000 00873nas a2200301 4500
001 BR2013000855
003 BR-BrBNA
005 20231205121854.0
007 ta
008 230509b bl.|||p| |||| 00| 00por d
040 _aBR-BrBNA
_bpor
_cBiblioteca Nacional de Agricultura
041 _a(Pt)
072 _aL74; L70
100 1 _aGava, A.
100 1 _aWouters, A.T.B.
100 1 _aWouters, F.
100 1 _aNizgoski, L.
100 1 _aBarros, C.S.L.
245 1 _aIntoxicação por salinomicina em bovinos
246 1 _aSalinomycin poisoning in cattle
650 _aBOVINO
650 _aINTOXICAÇÃO
650 _aMEDICAMENTO
650 _aANTIBIÓTICO
773 0 _tPesquisa Veterinária Brasileira (Brazil)
_xISSN 0100-736X
_g(Jul-Dec 1997), v. 17(3/4) p. 127-130
_wBR2013000855
909 _a202311
_bLúcia
_c55
_dLúcia Elande
942 _2AGRIS
_n0
_cANA
999 _c225693
_d225693